| 000 -LEADER |
| fixed length control field |
00467nam a22000977a 4500 |
| 008 - FIXED-LENGTH DATA ELEMENTS--GENERAL INFORMATION |
| fixed length control field |
190128b ||||| |||| 00| 0 eng d |
| 100 ## - MAIN ENTRY--AUTHOR'S NAME |
| Author's Name |
Hanke, Wolff |
| 245 ## - TITLE STATEMENT |
| Title |
United Nations Vienna specialized catalogue (1st Ed.) |
| 260 ## - PUBLICATION, DISTRIBUTION, ETC. (IMPRINT) |
| Place of publication, distribution, etc. |
Schomberg, [ Germany] |
| Name of publisher, distributor, etc. |
Lindner Falzlos-Gesellschaft KG, |
| Date of publication, distribution, etc. |
1981 |
| 650 ## - TOPICAL TERM (Tag) |
| Topical term or geographic name |
United Nations -- Offices in Vienna, Austria (1979-) | Catalogs and Price Lists | Austria -- Vienna | Topical Collecting | United Nations Postal Administration, Vienna |